00601cam a22002291 4500001001300000003000400013005001700017008004100034010001700075035001900092040001800111042001200129050001800141100001700159245003400176260004000210300002400250504003200274651002100306651002700327999001700354sa 66005981 DLC20260227112253.0781117s1948 xx 000 0 eng  asa 66005981  a(OCoLC)4383614 aDLCcOCldDLC apremarc00aDS485.P2bA681 aAkbar, M. J.14aThe Punjab under the Mughals. aLahore,bRipon Print. Pressc[1948] axvi, 325 p.c22 cm. aBibliography: p. [312]-314. 0aPunjabxHistory. 0aMogul EmpirexHistory. c70235d70235